LEADER 00896nam a2200253 u 4500 001 000000029173 003 CaOOAMICUS 005 20070226111903.0 008 970210s1988 it u000 u ita u 020 $a8817664537 035 $a10751476 040 $aMSA$bita 100 1 $aMeneghello, Luigi.$0(OLS)http://pul/name/23627 245 10$aBau-sète! /$cLuigi Meneghello. 260 $aMilano :$bRizzoli,$c1988. 300 $a199 p. ;$c23 cm 490 1 $aLa Scala 830 3$aLa Scala.$0(OLS)http://pul/title/39890 850 $aPUL 852 $aPUL$W1$xDP1 Altre Collocazioni$y17$mSenza collocazione$j12$nBK-PRI$b $qStampati$B40427$CPULBib$Z2$F40427 $H $81 941 1 $a8 996 $6020$a8817664537$9(OLS)http://pul/number/36383 996 $6245$aBau-sète!$9(OLS)http://pul/title/39892 996 $6260$aMilano :$bRizzoli$9(OLS)http://pul/publisher/48712 LEADER 00986cam a2200265 a 4500 001 000000136553 003 CaOOAMICUS 005 20131129142240.0 008 131129s1978 it 000 u ita r 040 $aPUL$bita 041 1 $aita$hrus 100 1 $aBukovskij, Vladimir.$0(OLS)http://pul/name/87966 240 10$aVozvrascaetsja veter.$lItaliano.$0(OLS)http://pul/title/172816 245 13$aIl vento va, e poi ritorna /$cVladimir Bukovskij. 260 $aMilano :$bFeltrinelli,$c1978. 300 $a404 p. ;$c22 cm. 490 1 $aI narratori ;$v254 830 0$aNarratori (Feltrinelli) ;$v254.$0(OLS)http://pul/title/168662 850 $aPUL 852 $aPUL$W1$xDP1 Fondo E. Rossi$y115$m2 E 7$j5851$qFondi$B156748$CPULBib$Z2$F156748 $82 941 1 $a1 961 $aSul dorso collocazione ms. di E. Rossi: V 5 996 $6245$aIl vento va, e poi ritorna$9(OLS)http://pul/title/172817 996 $6260$aMilano :$bFeltrinelli$9(OLS)http://pul/publisher/48846